[Event "GER-chA Seniors 27th"]
[Site "Magdeburg"]
[Date "2015.08.22"]
[Round "8"]
[White "Fugmann, Bernd"]
[Black "Biller, Helmut"]
[Result "1/2-1/2"]
[WhiteElo "1991"]
[BlackElo "2093"]
[PlyCount "100"]
[EventDate "2015.08.15"]
[EventType "swiss"]
[EventRounds "9"]
[EventCountry "GER"]
[SourceTitle "EXT 2018"]
[Source "ChessBase"]
[SourceDate "2017.10.13"]
[SourceVersion "1"]
[SourceVersionDate "2017.10.13"]
[SourceQuality "1"]

1. e4 d6 2. d4 Nf6 3. Nc3 g6 4. f4 Bg7 5. Nf3 0-0 6. Bd3 Na6 7. 0-0 c5 8. d5 Nc7 9. a4 Bg4 10. h3 Bxf3 11. Qxf3 b6 12. Bc4 Nd7 13. Be3 Rb8 14. Rab1 a6 15. Be2 b5 16. axb5 axb5 17. Nd1 b4 18. Nf2 Nb5 19. Qg3 Nd4 20. Bd1 Qa5 21. b3 Qa2 22. Rc1 Qa6 23. Re1 Qb7 24. Kh1 Ra8 25. h4 Ra2 26. h5 Re8 27. hxg6 hxg6 28. f5 Nf8 29. Ng4 Bf6 30. Nxf6+ exf6 31. Bxd4 cxd4 32. fxg6 fxg6 33. Qxd6 Qe7 34. Qxe7 Rxe7 35. Bf3 Rc7 36. Red1 Raxc2 37. Rxc2 Rxc2 38. Rxd4 Nd7 39. Rxb4 Ne5 40. Kg1 g5 41. Rd4 Kf7 42. Bd1 Rb2 43. Kf1 g4 44. d6 Ke8 45. b4 g3 46. Ba4+ Kd8 47. Bd1 Rf2+ 48. Kg1 Ra2 49. Kf1 Rf2+ 50. Kg1 Ra2 1/2-1/2

[Event "GER-chA Seniors 27th"]
[Site "Magdeburg"]
[Date "2015.08.17"]
[Round "3"]
[White "Salov, Sergej"]
[Black "Biller, Helmut"]
[Result "1-0"]
[WhiteElo "2267"]
[BlackElo "2093"]
[PlyCount "39"]
[EventDate "2015.08.15"]
[EventType "swiss"]
[EventRounds "9"]
[EventCountry "GER"]
[SourceTitle "EXT 2018"]
[Source "ChessBase"]
[SourceDate "2017.10.13"]
[SourceVersion "1"]
[SourceVersionDate "2017.10.13"]
[SourceQuality "1"]

1. e4 d6 2. d4 Nf6 3. Nc3 g6 4. f4 Bg7 5. Nf3 0-0 6. Be3 b6 7. Qd2 Bb7 8. e5 Nd5 9. Nxd5 Bxd5 10. h4 Bxf3 11. gxf3 e6 12. h5 Re8 13. hxg6 hxg6 14. 0-0-0 Nd7 15. Bb5 Re7 16. Qh2 Nf8 17. Bc6 Rb8 18. f5 gxf5 19. Bg5 Ng6 20. Bf6 1-0

[Event "GER-chA Seniors 27th"]
[Site "Magdeburg"]
[Date "2015.08.15"]
[Round "1"]
[White "Metzger, Albert"]
[Black "Biller, Helmut"]
[Result "1/2-1/2"]
[WhiteElo "1888"]
[BlackElo "2093"]
[PlyCount "59"]
[EventDate "2015.08.15"]
[EventType "swiss"]
[EventRounds "9"]
[EventCountry "GER"]
[SourceTitle "EXT 2018"]
[Source "ChessBase"]
[SourceDate "2017.10.13"]
[SourceVersion "1"]
[SourceVersionDate "2017.10.13"]
[SourceQuality "1"]

1. Nf3 Nf6 2. b3 d6 3. Bb2 g6 4. g3 Bg7 5. Bg2 0-0 6. 0-0 c6 7. c4 Nbd7 8. d4 Qc7 9. Nbd2 e5 10. e3 Re8 11. h3 h6 12. Qc2 Nf8 13. Rfe1 e4 14. Nh2 Qe7 15. a4 h5 16. Ba3 Bf5 17. Rac1 Qc7 18. h4 N8h7 19. b4 d5 20. Nb3 b6 21. a5 Rac8 22. Qe2 Qb7 23. Rc2 Bf8 24. Rb1 Ng4 25. axb6 axb6 26. c5 b5 27. Na5 Qd7 28. Bc1 Nxh2 29. Kxh2 Nf6 30. Ra1 1/2-1/2

[Event "EU-chT Seniors"]
[Site "Vienna"]
[Date "2015.07.14"]
[Round "3.18"]
[White "Gempe, Anet"]
[Black "Biller, Helmut"]
[Result "1/2-1/2"]
[WhiteElo "2044"]
[BlackElo "2112"]
[PlyCount "30"]
[EventDate "2015.07.12"]
[EventType "team-swiss"]
[EventRounds "9"]
[EventCountry "AUT"]
[SourceTitle "EXT 2018"]
[Source "ChessBase"]
[SourceDate "2017.10.13"]
[SourceVersion "1"]
[SourceVersionDate "2017.10.13"]
[SourceQuality "1"]
[WhiteTeam "Germany (W)"]
[BlackTeam "Hessen II"]
[WhiteTeamCountry "GER"]
[BlackTeamCountry "GER"]

1. e4 d6 2. d4 Nf6 3. Nc3 g6 4. h3 Nbd7 5. Nf3 c6 6. Bc4 Nb6 7. Bb3 Bg7 8. a4 a5 9. Bf4 0-0 10. 0-0 d5 11. e5 Ne8 12. Ne2 h6 13. c3 Bf5 14. Ng3 e6 15. Nxf5 exf5 1/2-1/2

[Event "EU-chT Seniors"]
[Site "Vienna"]
[Date "2015.07.12"]
[Round "1.2"]
[White "Zhelnin, Vladimir V"]
[Black "Biller, Helmut"]
[Result "1-0"]
[WhiteElo "2473"]
[BlackElo "2112"]
[PlyCount "99"]
[EventDate "2015.07.12"]
[EventType "team-swiss"]
[EventRounds "9"]
[EventCountry "AUT"]
[SourceTitle "CBM 167 Extra"]
[Source "ChessBase"]
[SourceDate "2015.09.14"]
[SourceVersion "1"]
[SourceVersionDate "2015.09.14"]
[SourceQuality "1"]
[WhiteTeam "Russia"]
[BlackTeam "Hessen II"]
[WhiteTeamCountry "RUS"]
[BlackTeamCountry "GER"]

1. e4 d6 2. d4 Nf6 3. Nc3 g6 4. Nf3 Bg7 5. Be2 c6 6. 0-0 0-0 7. Re1 Qc7 8. e5 dxe5 9. Nxe5 Nbd7 10. Bf4 Qa5 11. Nc4 Qd8 12. Bf3 Nb6 13. Ne5 Nfd5 14. Nxd5 cxd5 15. c3 e6 16. b3 Bd7 17. Qd2 Rc8 18. Rac1 Bc6 19. h4 Nd7 20. Nxd7 Qxd7 21. h5 Rfe8 22. Re3 f6 23. hxg6 hxg6 24. Rce1 Qf7 25. Bd1 g5 26. Bh2 Bd7 27. Rh3 e5 28. Bh5 Qe7 29. Bxe8 Bxh3 30. Bg6 Be6 31. dxe5 f5 32. Qd3 f4 33. g3 Rf8 34. Bh5 Rf5 35. Bg4 Rf8 36. Bf3 g4 37. Bxd5 f3 38. c4 Qf7 39. Qe4 b6 40. Kf1 Rd8 41. Rd1 Re8 42. Rd4 Bxd5 43. cxd5 Qh5 44. Qxg4 Qxh2 45. Qxf3 Rxe5 46. Rh4 Re1+ 47. Kxe1 Qg1+ 48. Ke2 Qb1 49. Qd3 Qxa2+ 50. Kf1 1-0

[Event "Hessen-ch Seniors op 11th"]
[Site "Bad Sooden-Allendorf"]
[Date "2015.05.15"]
[Round "7"]
[White "Biller, Helmut"]
[Black "Mann, Klaus Dieter"]
[Result "1-0"]
[WhiteElo "2088"]
[BlackElo "2108"]
[PlyCount "125"]
[EventDate "2015.05.09"]
[EventType "swiss"]
[EventRounds "9"]
[EventCountry "GER"]
[SourceTitle "EXT 2018"]
[Source "ChessBase"]
[SourceDate "2017.10.13"]
[SourceVersion "1"]
[SourceVersionDate "2017.10.13"]
[SourceQuality "1"]

1. d4 Nf6 2. Nf3 g6 3. c4 Bg7 4. Nc3 d6 5. e4 c6 6. Be2 Nbd7 7. 0-0 0-0 8. Re1 e5 9. Rb1 a5 10. Bf1 Re8 11. d5 c5 12. a3 Nb8 13. b4 axb4 14. axb4 cxb4 15. Rxb4 Na6 16. Rb1 Nd7 17. Be3 Nac5 18. Nd2 b6 19. Nb5 Bf8 20. Ra1 Ba6 21. Qb1 Qb8 22. Qb2 Qb7 23. Reb1 Reb8 24. g3 f6 25. Qc3 Bxb5 26. cxb5 Rxa1 27. Rxa1 Ra8 28. Bh3 Ra7 29. f3 Be7 30. Nc4 Qa8 31. Ra3 Rxa3 32. Qxa3 Qxa3 33. Nxa3 Bd8 34. Nc2 Kg7 35. Nb4 Kf7 36. Kf1 Be7 37. Nc6 Ke8 38. Ke2 Kf7 39. Na7 Bd8 40. Nc6 Be7 41. Nb4 Bd8 42. Nc2 Kg7 43. Na3 Kf7 44. Nc4 Bc7 45. Bf2 Ke7 46. Bg4 Kf7 47. h4 h6 48. h5 g5 49. Kf1 Ke7 50. Be3 Kf7 51. Kg2 Kg7 52. Kh3 Kf7 53. Bf5 Ke7 54. Kg4 Bd8 55. Bxd7 Nxd7 56. Kf5 Kf7 57. Nxd6+ Kg7 58. Nc4 Kf7 59. d6 Nf8 60. Bxb6 Bxb6 61. Nxb6 Ne6 62. Nd5 Nd4+ 63. Kg4 1-0

[Event "GER-chT Seniors 23rd"]
[Site "Bergen"]
[Date "2014.09.07"]
[Round "7.1"]
[White "Wiemer, Juergen"]
[Black "Biller, Helmut"]
[Result "0-1"]
[WhiteElo "2054"]
[BlackElo "2081"]
[PlyCount "109"]
[EventDate "2014.09.01"]
[EventType "team-swiss"]
[EventRounds "7"]
[EventCountry "GER"]
[SourceTitle "EXT 2018"]
[Source "ChessBase"]
[SourceDate "2017.10.13"]
[SourceVersion "1"]
[SourceVersionDate "2017.10.13"]
[SourceQuality "1"]

1. e4 e6 2. d4 d5 3. Nd2 c5 4. exd5 exd5 5. Ngf3 Bd6 6. Be2 c4 7. c3 Nc6 8. Nf1 Nge7 9. b4 a6 10. Bg5 Be6 11. Bh4 b5 12. Bg3 0-0 13. Bxd6 Qxd6 14. Ne3 a5 15. a3 Ra7 16. Ng5 Bd7 17. Qc2 g6 18. 0-0 f6 19. Nf3 Nf5 20. Ng4 Re8 21. Rfe1 h5 22. Ne3 Kg7 23. Qd2 Nxe3 24. fxe3 g5 25. g3 Bf5 26. Kf2 Rea8 27. Qb2 Bg6 28. Bf1 Ne7 29. Nd2 h4 30. Bg2 hxg3+ 31. hxg3 f5 32. Nf3 Kf6 33. Ne5 Nc6 34. Nf3 f4 35. exf4 gxf4 36. Ne5 fxg3+ 37. Kxg3 axb4 38. cxb4 Kg7 39. Kf2 Rf8+ 40. Kg1 Rf4 41. Nxc6 Qxc6 42. Re5 Rd7 43. Qd2 Rf6 44. Qg5 Qb6 45. Rxd5 Rxd5 46. Qxd5 Qd6 47. Qxd6 Rxd6 48. d5 c3 49. Kf2 Kf6 50. Ke3 Ke5 51. a4 bxa4 52. Rxa4 c2 53. Kd2 Rf6 54. Bh3 Rf2+ 55. Kc1 0-1

[Event "GER-chT Seniors 23rd"]
[Site "Bergen"]
[Date "2014.09.04"]
[Round "4.1"]
[White "Krueger, Horst"]
[Black "Biller, Helmut"]
[Result "1/2-1/2"]
[WhiteElo "2060"]
[BlackElo "2081"]
[PlyCount "110"]
[EventDate "2014.09.01"]
[EventType "team-swiss"]
[EventRounds "7"]
[EventCountry "GER"]
[SourceTitle "EXT 2018"]
[Source "ChessBase"]
[SourceDate "2017.10.13"]
[SourceVersion "1"]
[SourceVersionDate "2017.10.13"]
[SourceQuality "1"]

1. d4 Nf6 2. c4 e6 3. Nc3 Bb4 4. Qc2 0-0 5. a3 Bxc3+ 6. bxc3 Ne8 7. e4 c5 8. Bd3 Nc6 9. Nf3 f6 10. dxc5 Qa5 11. Be3 b6 12. cxb6 axb6 13. 0-0 Ba6 14. Rfb1 Rb8 15. Nd4 Nd6 16. Nb5 Bxb5 17. cxb5 Ne5 18. Rb4 Rfc8 19. Bd4 Qa8 20. Bxe5 fxe5 21. a4 Nb7 22. f4 Rc5 23. Rd1 Rbc8 24. fxe5 Rxc3 25. Qf2 Rc1 26. Qd2 Rxd1+ 27. Qxd1 Qb8 28. Rd4 Nc5 29. Rd6 Nxd3 30. Qxd3 Rc1+ 31. Kf2 Qf8+ 32. Qf3 Qc8 33. Qe3 Qc2+ 34. Kg3 Qb2 35. Rxd7 Qxe5+ 36. Kf2 Rc2+ 37. Rd2 Rxd2+ 38. Qxd2 Qxe4 39. Qe3 Qc2+ 40. Kg3 Qc7+ 41. Kf3 e5 42. Qb3+ Kf8 43. Ke4 Ke7 44. Qd5 Kf6 45. g4 Qc2+ 46. Kf3 Qxa4 47. Qd6+ Kf7 48. Qxe5 Qa7 49. Qf5+ Kg8 50. Ke4 Qc7 51. Qe5 Qc4+ 52. Kf3 Qb3+ 53. Kf4 Qc4+ 54. Kg3 Qd3+ 55. Kh4 Qd8+ 1/2-1/2

[Event "GER-chT Seniors 23rd"]
[Site "Bergen"]
[Date "2014.09.03"]
[Round "3.1"]
[White "Biller, Helmut"]
[Black "Westphal, Norbert"]
[Result "1/2-1/2"]
[WhiteElo "2081"]
[BlackElo "2022"]
[PlyCount "49"]
[EventDate "2014.09.01"]
[EventType "team-swiss"]
[EventRounds "7"]
[EventCountry "GER"]
[SourceTitle "EXT 2018"]
[Source "ChessBase"]
[SourceDate "2017.10.13"]
[SourceVersion "1"]
[SourceVersionDate "2017.10.13"]
[SourceQuality "1"]

1. d4 e6 2. c4 b6 3. Nc3 Bb7 4. a3 f5 5. Nf3 Nf6 6. g3 d6 7. Bg2 Nbd7 8. 0-0 Be7 9. b4 Ne4 10. Qc2 Nxc3 11. Qxc3 Bf6 12. Bb2 0-0 13. Qb3 Qe7 14. Rfd1 Be4 15. Ne1 Bxg2 16. Nxg2 c5 17. dxc5 dxc5 18. b5 Rad8 19. Rd3 Bxb2 20. Qxb2 Nf6 21. Rad1 Rxd3 22. Rxd3 Rd8 23. Qd2 Rxd3 24. Qxd3 Qd7 25. Kf1 1/2-1/2